Statistics for En Çok İlçesi Olan 10 İl

Click here to take the quiz!

General Stats

  • This quiz has been taken 1 479 times
  • The average score is 7 of 10

Answer Stats

Kaç İlçe?SıralamaAnswer% Correct
391.İstanbul
100%
254.Ankara
98%
303.İzmir
96%
312.Konya
93%
198.Antalya
86%
206.Erzurum
66%
207.Balıkesir
50%
205.Kastamonu
30%
1910.Denizli
27%
199.Ordu
23%

Score Distribution

Percentile by Number Answered

Percent of People with Each Score

Your Score History

You have not taken this quiz